Non-governmental organizations and the state in Asia : rethinking roles in sustainable agricultural development /

Bibliographic Details
Other Authors: Farrington, John
Format: Book
Language:English
Published: London ; New York : Routledge, 1993.
Series:Non-governmental organizations series.
Subjects:

MARC

Tag First Indicator Second Indicator Subfields
LEADER 00000cam a2200000 a 4500
001 in00001179621
005 20151001094025.0
008 921224s1993 enkab b 001 0 eng
010 |a  92045820  
015 |a GB93-42101 
019 |a 29256471 
020 |a 041508847X 
020 |a 0415088488 (pbk.) 
035 |a (OCoLC)27266416 
035 |9 AGG4965AM 
040 |a DLC  |c DLC  |d UKM  |d AGL  |d UtOrBLW 
043 |a a------ 
049 |a TXAM 
050 0 0 |a HN655.2.C6  |b N66 1993 
070 0 |a HN655.2.C6N66  |b 1993 
072 0 |a E550 
082 0 0 |a 307.1/412/095  |2 20 
245 0 0 |a Non-governmental organizations and the state in Asia :  |b rethinking roles in sustainable agricultural development /  |c edited by John Farrington and David J. Lewis with S. Satish and Aurea Miclat-Teves. 
264 1 |a London ;  |a New York :  |b Routledge,  |c 1993. 
300 |a xxxii, 366 pages :  |b illustrations, map ;  |c 24 cm. 
336 |a text  |b txt  |2 rdacontent 
337 |a unmediated  |b n  |2 rdamedia 
338 |a volume  |b nc  |2 rdacarrier 
490 1 |a Non-governmental organizations series 
504 |a Includes bibliographical references (pages 345-353) and index. 
650 0 |a Rural development  |z Asia. 
650 0 |a Non-governmental organizations  |z Asia. 
653 0 |a Rural regions  |a Development 
653 0 |a Asia 
700 1 |a Farrington, John. 
830 0 |a Non-governmental organizations series. 
999 |a MARS 
999 f f |s c590a6b4-ee82-357a-8369-9c1eecfa8969  |i b9116886-0df0-32be-a7c0-f7a3b6e13e3a  |t 0 
952 f f |p ric  |a Texas A&M University  |b Rellis Campus  |c Joint Library Facility  |d Remote Storage  |t 0  |e HN655.2.C6 N66 1993  |h Library of Congress classification  |i unmediated -- volume  |m A14818452462 
998 f f |a HN655.2.C6 N66 1993  |t 0  |l Remote Storage